Le Bouddha (Record no. 111196)

MARC details
000 -LEADER
campo de control de longitud fija 00726nam a2200217 i 4500
001 - NÚMERO DE CONTROL
campo de control 111196
003 - IDENTIFICADOR DE NÚMERO DE CONTROL
campo de control ES-MaACL
005 - FECHA Y HORA DE LA ÚLTIMA TRANSACCIÓN
campo de control 20251220213558.0
007 - CAMPO FIJO DE DESCRIPCIÓN FÍSICA--INFORMACIÓN GENERAL
campo de control de longitud fija t|
008 - DATOS DE LONGITUD FIJA--INFORMACIÓN GENERAL
campo de control de longitud fija 061121s1903 fr r ||||1| fre d
100 1# - ENTRADA PRINCIPAL--NOMBRE DE PERSONA
Nombre de persona Oldenberg, Hermann.
9 (RLIN) 86690
245 13 - MENCIÓN DEL TÍTULO
Título Le Bouddha
Resto del título : sa vie, sa doctrine, sa communauté /
Mención de responsabilidad, etc. par H. Oldenberg,... ; traduit de l'allemand par A. Foucher,... ; avec une préface de M. Sylvain Lévi,...
260 ## - PUBLICACIÓN, DISTRIBUCIÓN, ETC.
Lugar de publicación, distribución, etc. París :
Nombre del editor, distribuidor, etc. Chartres : Durand,
Fecha de publicación, distribución, etc. 1903.
300 ## - DESCRIPCIÓN FÍSICA
Extensión VI, 401 p. ;
Dimensiones 23 cm.
600 04 - PUNTO DE ACCESO ADICIONAL DE MATERIA--NOMBRE DE PERSONA
Nombre de persona Buda.
9 (RLIN) 147808
600 14 - PUNTO DE ACCESO ADICIONAL DE MATERIA--NOMBRE DE PERSONA
Nombre de persona Foucher, Alfred.
9 (RLIN) 51925
650 ## - PUNTO DE ACCESO ADICIONAL DE MATERIA--TÉRMINO DE MATERIA
Término de materia o nombre geográfico como elemento de entrada Budismo.
9 (RLIN) 10630
700 1# - ENTRADA AGREGADA--NOMBRE PERSONAL
Nombre de persona Lévi, Sylvain,
Fechas asociadas al nombre 1863-1935
9 (RLIN) 154583
852 ## - LOCALIZACIÓN
Ubicación ES-MaACL
Número de control de estantería B-6898
Holdings
Estatus retirado Estado de pérdida Estado de daño No para préstamo Biblioteca de origen Biblioteca actual Ubicación en estantería Fecha de adquisición Fuente de adquisición Total de préstamos Signatura topográfica completa Código de barras Visto por última vez Precio de reemplazo Tipo de ítem Koha
        Biblioteca del Ateneo de Madrid Biblioteca del Ateneo de Madrid Sala Pardo Bazán 17/01/2008     B-6898 1116013 23/02/2023 23/02/2023 Libro impreso